Pôsobenie analógov takrínu na neuroblastómovú bunkovú líniu SH-SY5Y: cytotoxicita vs. cytoprotektivita.

Saved in:
Bibliographic Details
Main Author: Kováčová, Kristína
Format: Book
Language:Slovak
Published: Bratislava STU FCHPT 2012
Online Access:View in OPAC
Tags: Add Tag
No Tags, Be the first to tag this record!

MARC

LEADER 00000nam a2200000 a 4500
005 20260127134325.0
008 120626 2012 xo 000 0 slo d
035 |a vtls010432481 
039 9 |a 201207121146  |b mschk03  |y 201206261146  |z mschk03 
040 |a STUSCHK1  |b slo  |c STUSCHK1  |e AACR2 
100 1 |a Kováčová, Kristína 
245 1 |a Pôsobenie analógov takrínu na neuroblastómovú bunkovú líniu SH-SY5Y: cytotoxicita vs. cytoprotektivita.  |c Kristína Kováčová 
260 |a Bratislava  |b STU FCHPT  |c 2012 
300 |a 82 s.  |b il.  |c 30cm 
500 |a Obháj.: 4.6. 2012 
500 |a Študijný program: biotechnológia 
500 |a Študijný odbor: 5.2.25 biotechnológie 
500 |a Miesto vypracovania: Oddelenie biochémie a mikrobiológie, FCHPT STU 
500 |a Evidenčné číslo: FCHPT-5421-50609 
500 |a Diplomová práca 
910 |a SCHK95 
999 |c 9832  |d 9832